01775nam a2200289 a 450000100100000000500170001000800410002704000250006808200210009310000330011424500710014726000450021830000210026350501440028459000270042860000760045565000550053165000800058665100540066691000370072095201340075795201340089195201340102595201840115995201250134399900170146800002212920250621074006.0100917s1984 dr 000 0 spa d aDO-SdBNPbspacBNPHU a320.97293bG216t1 aGarcía, Juan Manuel92103213aUn testimonio :bartículos de opinión /cJuan Manuel García. aSanto Domingo :bAmigo del Hogar,c1984. a228 p. ;c21 cm.0 gIntroducción --tSalvador Jorge Blanco --tDoctor Peña Gómez --tPeriodismo --tIglesia --tGeneralidades --gÍndice cronológico. aInventariado, 2018/ YL10aJorge Blanco, Salvador, d1926-2000vEnsayos, conferencias, etc.945829 4aDiarios dominicanosxSecciones, columnas, etc.944 4aRepública dominicanaxPresidente(1982-1986: salvador jorge blanco)922963 0aRepública DominicanaxPolítica y gobierno945 aValidado. Control de calidad EMS 001054708DSaGRbGRcHDd2011-02-02iLF1l0o320.97293 G216tp22129-30r2020-06-25te. 3w2020-06-25yLFDSZPréstamo en sala 001054708DSaGRbGRcHDd2011-02-04iLF1l0o320.97293 G216tp22129-40r2020-06-25te. 4w2020-06-25yLFDSZPréstamo en sala 001054708DSaGRbGRcHDd2011-08-04iLF1l0o320.97293 G216tp22129-50r2020-06-25te. 5w2020-06-25yLFDSZPréstamo en sala 0010718PDaPDbPDcHDd2010-09-17iLF1l0o320.97293 G216tp22129-10r2020-06-25w2020-06-25yLFPDzPerteneció a la biblioteca personal de Germán Emilio Ornes.ZNo se presta 0010718PDaPDbPDcHDd2011-02-02iLF1l0o320.97293 G216tp22129-20r2020-06-25te. 2w2020-06-25yLFPDZNo se presta c21627d21627